000 00560nam a2200193 i 4500
001 14477
003 ES-MaACL
005 20230906150825.0
007 t|
008 990325s1882 fr ||||1| fre d
080 _a908.431/435.8
100 1 _aTissot, Victor.
_9110345
245 1 4 _aLes prussiens en Allemagne suite du voyage au Pays des Milliards /
_cpar Victor Tissot.
250 _a35 em. ed.
260 _aParis :
_bE. Dentu,
_c1882.
300 _a464 p. ;
_c19 cm.
651 4 _aAlemania-
_xDescripción.
_97657
852 _aES-MaACL
_jF-6951
_bR.124568
999 _c14477
_d14477